000 00423cam a22001575a 4500
001 J101014
008 000000s1933 xxk 000 0 eng u
035 _a(Sirsi) u101014
110 _aChartered Surveyors' Institution
_92274
245 _aProperty owners and the National "Grid" Scheme. January 1933.
260 _c1933
300 _a13p.
651 4 _aUnited Kingdom
_y
690 _aInfrastructure
_96246
942 _n0
999 _c99983
_d99983